Staré řecké báje a pověsti /
Klasická bájeslovná literatura ze starověkého Řecka doplněná ilustracemi a rejstříkem osob a míst.
Uloženo v:
| Hlavní autor: | |
|---|---|
| Médium: | E-kniha |
| Jazyk: | Czech |
| Vydáno: |
Praha :
Dobrovský s.r.o.,
2024
|
| Edice: | 1400
|
| Témata: | |
| Tagy: |
Žádné tagy |
| LEADER | 02463cam a2200481 i 4500 | ||
|---|---|---|---|
| 001 | 312582 | ||
| 003 | CZ PrSKC | ||
| 005 | 20260601215725.0 | ||
| 007 | ta | ||
| 008 | 240424s2024 xr a c 000 j cze d | ||
| 015 | |a cnb003568497 | ||
| 020 | |a 9788027741724 |q (vázáno) | ||
| 035 | |a (OCoLC)1438778454 | ||
| 040 | |a CBA001 |b cze |d ABG001 |d ABA001 |e rda | ||
| 072 | 7 | |a 25 |x Náboženství, mytologie, kulty |2 Konspekt | |
| 072 | 7 | |a 0/9-053.2 |x Literatura pro děti a mládež (naučná) |2 Konspekt | |
| 080 | |a 255.2 |2 MRF | ||
| 080 | |a (0:82-343) |2 MRF | ||
| 080 | |a (0:82-34) |2 MRF | ||
| 080 | |a (0.053.2) |2 MRF | ||
| 100 | 1 | |a Petiška, Eduard, |d 1924-1987 |7 jk01092720 |4 aut | |
| 245 | 1 | 0 | |a Staré řecké báje a pověsti / |c Eduard Petiška |
| 264 | 1 | |a Praha : |b Dobrovský s.r.o., |c 2024 | |
| 300 | |a 238 stran : |b barevné ilustrace ; |c 28 cm | ||
| 336 | |a text |b txt |2 rdacontent | ||
| 337 | |a bez média |b n |2 rdamedia | ||
| 338 | |a svazek |b nc |2 rdacarrier | ||
| 490 | 1 | |a 1400 | |
| 520 | 2 | |a Klasická bájeslovná literatura ze starověkého Řecka doplněná ilustracemi a rejstříkem osob a míst. |b Dávné řecké báje a pověsti zrodila lidová fantazie starověkých Řeků v době, kdy lidé ještě neznali ani železný pluh. Vytvořil je génius slavného národa Helénů a obstály ve zkouškách tisíciletí. Výběr z těchto bájí a pověstí zpracoval na počátku druhé poloviny minulého století spisovatel Eduard Petiška a čtenáři si knihu, napsanou velmi moderně, ale přitom s velkou úctou k tradici, oblíbili hlavně pro její poutavost a svěžest. Nakladatelská anotace. Kráceno. | |
| 650 | 0 | 7 | |a řecká mytologie |7 ph128258 |2 czenas |
| 650 | 0 | 9 | |a Greek mythology |2 eczenas |
| 655 | 7 | |a mýty |7 fd132901 |2 czenas | |
| 655 | 7 | |a pověsti |7 fd133104 |2 czenas | |
| 655 | 7 | |a publikace pro děti |7 fd133156 |2 czenas | |
| 655 | 9 | |a myths |2 eczenas | |
| 655 | 9 | |a legends |2 eczenas | |
| 655 | 9 | |a children's literature |2 eczenas | |
| 830 | 0 | |a 1400 | |
| 900 | |a ABA001 |b 19 | ||
| 044 | |a xr | ||
| 910 | |a RBIT002 | ||
| 998 | |d 416239 |a https://core.palmknihy.cz/api/books/416239/cover?snk9md |b https://core.palmknihy.cz/api/books/416239/cover/400?snk9md |c https://core.palmknihy.cz/api/books/416239/cover/50?snk9md |e 2031-04-10 |g 240 |i 9788027741724 |j https://core.palmknihy.cz/api/books/416239/preview.epub |k https://core.palmknihy.cz/api/books/416239/preview.pdf |l |q 49 |r 1 |s https://www.palmknihy.cz/kniha/416239 |t ebook |y 2024 |z 0 | ||
| 999 | |d 312580 | ||